000
00318nam a2200145Ia 4500
005
20250423095951.0
008
250422s9999 xx 000 0 und d
020
_a
9780409033298
050
_a
KP 35 .K97/
245
0
_a
Law of Kwara State
260
_a
London
260
_b
Interpek
260
_c
2007
942
_c
BK
999
_c
31879
_d
31879